Les sports avec le plus de licenciés en France - Statistiques

Statistiques générales
  • Ce quiz a été pris 1 189 fois
  • Le résultat moyen est 12 sur 22
Statistiques - réponses
Nombre de licenciés Réponse % Correct
2 135 193 Football
100%
1 052 127 Tennis
94%
600 151 Basketball
91%
513 194 Handball
90%
300 926 Natation
85%
434 520 Rugby
85%
289 311 Athlétisme
78%
673 026 Equitation
77%
605 731 Judo
72%
181 944 Badminton
64%
199 201 Tennis de table
62%
287 358 Gymnastique
61%
243 432 Karaté
59%
407 569 Golf
53%
120 040 Cyclisme
47%
296 877 Pétanque
42%
124 111 Ski
37%
301 762 Voile
21%
241 137 Randonnée
9%
182 052 Tir sportif
2%
126 827 Cyclotourisme
1%
275 374 Sports sous-marins
1%
Aucun quiz correspondant
Distribution des résultats
% des personnes avec chaque résultat
Percentile par nombre de réponses
Votre historique - résultats
Vous n’avez pas pris ce quiz